000 01046nas a2200337 4500
001 BR2014001663
003 BR-BrBNA
005 20231205123821.0
007 ta
008 230509b bl.|||p| |||| 00| 00por d
040 _aBR-BrBNA
_bpor
_cBiblioteca Nacional de Agricultura
041 _a(En)
072 _aF03
100 1 _aAtaíde, G. de M.
100 1 _aBorges, E.E. de L. e
100 1 _aGonçalves, J.F. de C.
100 1 _aGuimarães, V.M.
100 1 _aBicalho, E.M.
100 1 _aFlores, A.V.
245 1 _aActivities of a-galactosidase and polygalacturonase during hydration of Dalbergia nigra ((Vell.)Fr All. ex Benth.)seeds at different temperatures
650 _aJACARANDÁ
650 _aDALBERGIA NIGRA
650 _aSEMENTE
650 _aHIDRATAÇÃO
650 _aENZIMA
650 _aMONOSSACARÍDEO
650 _aEMBRIÃO
773 0 _tJournal of Seed Science (Brazil)
_xISSN 2317-1537
_g(Mar 2013), v. 35(1) p. 92-98
_wBR2014001663
909 _a202311
_bLúcia
_c55
_dLúcia Elande
942 _2AGRIS
_n0
_cANA
999 _c235854
_d235854